Responses for Show #351 - Monday, January 13, 1986

Missing 1 incorrect response in the Jeopardy! Round.

Contestants

[<< previous game]

John Goodwin, a truck driver from Portland, Oregon

Sherrie Ballard, a legal secretary from Van Nuys, California

Pat Hanrahan, an actor from Stanton, California (whose 1-day cash winnings total $8,000)

[next game >>]

Jeopardy! Round responses

4-LETTER WORDS
INSECTS
TELEVISION
MEDICAL MYTHS
ROCK 'N' ROLL TRIVIA
STARTS WITH "U"
    $100 16
ugly

John
    $100 21
(John: What is male?)

female

PatJohn
    $100 6
Hill Street Blues

Pat
    $100 11
coffee

Pat
    $100 1
the Go-Go's

John
    $100 22
(Alex: We've got less than a minute to go.)

a unicycle

Sherrie!
    $200 17
pomp

John
    $200 25
silverfish

Triple Stumper
    $200 7
Perry Mason

Sherrie!
    $200 12
chocolate

Sherrie!
    $200 2
the Crickets

Pat
    $300 18
a joke

Sherrie!
    $300 26
continuously stinging

Pat
    $300 8
the McNeil-Lehrer Report

Sherrie!
    $300 13
an ulcer

Sherrie!
    $300 3
Toni Tennille

Sherrie!
    $300 23
an ultimatum

John
    $400 19
a span

Sherrie!
    $400 27
(John: [unknown])
[The end-of-round signal sounds.]

the housefly

PatJohn
    $200 9
(Sherrie: I have no idea. Is it Cable News Network?)
[The song was reprised going into the break.]

Showtime

Sherrie!
    $400 14
gelatin

Pat
    $400 4
Hall and Oates

Pat
    $500 20
York

Triple Stumper
    $500 10
Ted Mack's Amateur Hour (The Original Amateur Hour)

Sherrie!
    $500 15
the kidneys

Pat
    $500 5
1959

John
    $500 24
Ulan Bator

John

Scores at the first commercial break (after clue 10):

Pat Sherrie! John
$700 $1,100 $600

Scores at the end of the Jeopardy! Round:

Pat Sherrie! John
$2,500 $2,400 $1,200

Double Jeopardy! Round responses

WORLD WAR II
COMEDIANS
HUNTING
POTENT POTABLES
SCREENWRITERS
COLONIAL AMERICA
    $200 20
Joseph Stalin

Sherrie!
    $200 2
Cliff Arquette (Charlie Weaver)

Pat
    $200 25
a beagle

Pat
    $200 7
vodka

Pat
    $200 8
Moby-Dick

Sherrie!
    $200 1
Virginia

Sherrie!
    $400 21
[Pat responded in a German accent.]

assassinate Hitler

Pat
    $400 3
Lily Tomlin

Pat
    $400 14
Ernest Hemingway

Sherrie!
    $400 9
Jules Feiffer

Sherrie!
    $400 12
his leg

Sherrie!
    $2,000 22
(Pat: What is Coney Island?)
(Alex: Oh, dear.)
(Pat: Don't know.)
(Alex: Might have been time for a guess. They invaded [*], at Salerno.)

Italy

Pat
    $600 4
George Gobel

Sherrie!
    $600 29
[The end-of-round signal sounds.]

trapping

Pat
    $600 15
(Pat: What is champagne?)

Perrier water

Pat
Triple Stumper
    $600 10
(Sherrie: The late, great [*].) [Accepted without remark]

Ruth Gordon

Sherrie!
    $600 13
Blackbeard

Sherrie!
    $800 26
Ernie Pyle

John
    $800 5
Bob Newhart

Pat
    $800 28
to dress

Sherrie!
    $800 16
(Sherrie: What is beer?)
(Alex: Be more specific.)

ale

Sherrie!
    $800 11
Leon Uris

John
    $800 18
Benjamin Franklin

Pat
    $1000 23
(Sherrie: What is the Bismarck?)
...
(Alex: Less than a minute to go in the round.)

the Graf Spee

PatSherrie!
    $1000 6
Carol Burnett

Sherrie!
    $1000 27
the crosshairs

Sherrie!
    $1,000 17
brandy & Benedictine

Sherrie!
    $1000 19
The Front Page

Pat
    $1000 24
the only message found at the lost colony on Roanoke Island

Triple Stumper

Scores at the end of the Double Jeopardy! Round:

Pat Sherrie! John
$5,500 $9,600 $2,800

[wagering suggestions for these scores]

Final Jeopardy! Round responses

U.S. GOVERNMENT
(Alex: We tried this question in our office, and most people did not come up with [*].)
JohnWho were Ronnie Reagan & George Bush?
$2,800
PatWho are Eisenhower + Nixon
$5,000
Sherrie!Who were Ronald Reagan Eisenhower + Nixon? Bush
$1,400
Ronald Reagan & George Bush

Final scores:

Pat Sherrie! John
$500 $11,000 $5,600
3rd place: Lane recliner New champion: $11,000 2nd place: Lopi wood stove or fireplace + Armstrong carpeting

Game dynamics:

Coryat scores:

Pat Sherrie! John
$7,500 $9,800 $2,800
19 R,
2 W
(including 1 DD)
23 R
(including 1 DD),
2 W
(including 1 DD)
8 R,
2 W

Combined Coryat: $20,100

[game clues] [game scores] [suggest correction]

Game tape date: 1985-09-10
The J! Archive is created by fans, for fans. Scraping, republication, monetization, and malicious use prohibited; this site may use cookies and collect identifying information. See terms. The Jeopardy! game show and all elements thereof, including but not limited to copyright and trademark thereto, are the property of Jeopardy Productions, Inc. and are protected under law. This website is not affiliated with, sponsored by, or operated by Jeopardy Productions, Inc. Join the discussion at JBoard.tv.